000 01080nas a2200337 4500
001 BR2016001489
003 BR-BrBNA
005 20231205130240.0
007 ta
008 230509b bl.|||p| |||| 00| 00por d
040 _aBR-BrBNA
_bpor
_cBiblioteca Nacional de Agricultura
041 _a(En)
072 _aL73
100 1 _aKohn, L.K.
100 1 _aFoglio, M.A.
100 1 _aRodrigues, R.A.
100 1 _aSousa, I.M. de O.
100 1 _aMartini, M.C.
100 1 _aPadilla, M.A.
100 1 _aLima Neto, D.F. de
100 1 _aArns, C.W.
245 1 _aIn-vitro antiviral activities of extracts of plants of the brazilian cerrado against the avian metapneumovirus (aMPV)
650 _aAVICULTURA
650 _aVÍRUS
650 _aDOENÇA ANIMAL
650 _aCERRADO
773 0 _tRevista Brasileira de Ciência Avícola (Brazil)
_xISSN 1806-9061
_g(Jul-Sep 2015), v. 17(3) p. 275-280
_wBR2016001489
856 4 0 _uhttp://www.scielo.br/pdf/rbca/v17n3/1516-635X-rbca-17-03-00275.pdf
909 _a202311
_bLúcia
_c55
_dLúcia Elande
942 _2AGRIS
_n0
_cANA
999 _c248452
_d248452